| 000 | 00724nam a22002177a 4500 | ||
|---|---|---|---|
| 003 | OSt | ||
| 005 | 20230126092906.0 | ||
| 008 | 160111b xxu||||| |||| 00| 0 eng d | ||
| 040 | _cLado V | ||
| 082 |
_a741.9 _bB531u |
||
| 100 |
_aBernstein, Joanne _9632 _ecurador |
||
| 245 | _aThe UBS Art Collection/ | ||
| 260 |
_aAlemania _bUSEB AG. _c2007 |
||
| 300 |
_a276p. _bil. (col.) _c25x31cm. |
||
| 500 | _aNotas en español, inglés y alemán | ||
| 600 |
_aEmde, Thomas, 1959 -- _xExhibiciones _94352 |
||
| 650 |
_aANALISIS _2Tesauro de Arte & Arquitectura |
||
| 650 |
_aDIBUJO _2Tesauro de Arte & Arquitectura |
||
| 650 |
_aCOLECCION _2Tesauro de Arte & Arquitectura |
||
| 942 |
_2ddc _c1 _n0 _h741.9 _iB531u |
||
| 999 |
_c2902 _d2902 |
||